<?xml version="1.0" encoding="UTF-8"?>
<record
    xmlns:xsi="http://www.w3.org/2001/XMLSchema-instance"
    xsi:schemaLocation="http://www.loc.gov/MARC21/slim http://www.loc.gov/standards/marcxml/schema/MARC21slim.xsd"
    xmlns="http://www.loc.gov/MARC21/slim">

  <leader>00626nam a2200205 a 4500</leader>
  <controlfield tag="001">BRCA_5484</controlfield>
  <controlfield tag="005">20190320205111.0</controlfield>
  <controlfield tag="008">010211s1900----gw-a######---#000-0#ger-#</controlfield>
  <datafield tag="050" ind1=" " ind2="4">
    <subfield code="a">ND588.D8</subfield>
    <subfield code="b">.M63</subfield>
    <subfield code="c">1900</subfield>
  </datafield>
  <datafield tag="100" ind1="1" ind2=" ">
    <subfield code="a">Mohle, Hans</subfield>
    <subfield code="9">14019</subfield>
  </datafield>
  <datafield tag="245" ind1="1" ind2="0">
    <subfield code="a">Durer - Bildnisse Selbstbildnisse - Familie - Umwelt</subfield>
    <subfield code="c">von Hans Mohle.</subfield>
  </datafield>
  <datafield tag="260" ind1=" " ind2=" ">
    <subfield code="a">Bremen, Alemania</subfield>
    <subfield code="b">Angelsachnen</subfield>
    <subfield code="c">1900</subfield>
  </datafield>
  <datafield tag="300" ind1=" " ind2=" ">
    <subfield code="a">12 p.</subfield>
    <subfield code="b">il. (algunas a color), 13 l&#xE1;minas</subfield>
    <subfield code="c">34 cm.</subfield>
  </datafield>
  <datafield tag="500" ind1=" " ind2=" ">
    <subfield code="a">E161</subfield>
  </datafield>
  <datafield tag="600" ind1="1" ind2="4">
    <subfield code="a">Durer, Albrecht</subfield>
    <subfield code="d">1471-1528</subfield>
    <subfield code="9">48</subfield>
  </datafield>
  <datafield tag="650" ind1="1" ind2="4">
    <subfield code="a">Pintores alemanes</subfield>
    <subfield code="9">797</subfield>
  </datafield>
  <datafield tag="650" ind1="1" ind2="4">
    <subfield code="a">Grabadores alemanes</subfield>
    <subfield code="9">7216</subfield>
  </datafield>
  <datafield tag="902" ind1=" " ind2=" ">
    <subfield code="a">GFM</subfield>
  </datafield>
  <datafield tag="942" ind1=" " ind2=" ">
    <subfield code="2">lcc</subfield>
    <subfield code="c">B</subfield>
  </datafield>
  <datafield tag="999" ind1=" " ind2=" ">
    <subfield code="c">5178</subfield>
    <subfield code="d">5178</subfield>
  </datafield>
  <datafield tag="952" ind1=" " ind2=" ">
    <subfield code="0">0</subfield>
    <subfield code="1">0</subfield>
    <subfield code="4">0</subfield>
    <subfield code="7">0</subfield>
    <subfield code="a">BRCA</subfield>
    <subfield code="b">BRCA</subfield>
    <subfield code="d">2011-02-01</subfield>
    <subfield code="i">E161</subfield>
    <subfield code="l">0</subfield>
    <subfield code="o">ND588.D8 .M63 1900 (E161)</subfield>
    <subfield code="p">5920</subfield>
    <subfield code="r">2019-03-22 00:00:00</subfield>
    <subfield code="w">2019-03-22</subfield>
    <subfield code="y">B</subfield>
  </datafield>
</record>
